000 00579nam a2200205Ia 4500
005 20250508165634.0
008 008 250505s9999 xx 000 0 hin d
037 _aReference
040 _aFEDL
_beng
_cFEDL
041 _ahin
_2hin
084 _a500, SCE/RR
_qFEDL
245 0 _aKaren aur khojen: Vigyan, Kaksha 7
245 0 _cSCERT (Delhi India)
260 _aDelhi, India
_bDelhi Bureau of Textbook
_c2004
300 _a173p.
365 _aINR
_b175
546 _aAcc. No. 90049 is CSEC book
942 _cREF
_h500, SCE/RR
999 _c1396397
_d1396397